Alle Amtssprachen Europas - Statistiken

Allgemein
  • Dieses Quiz wurde 104 mal gespielt
  • Das Durchschnittsergebnis liegt bei 34 aus 43
Antwortstatistiken
Länder Amtssprachen % Korrekt
BelarusRussland Russisch
100%
BelgienDeutschland
Liechtenstein
Luxemburg
Österreich
Schweiz
Deutsch
99%
IrlandMalta Vereinigtes Königreich Englisch
99%
BelgienFrankreich
Luxemburg
Monaco
Schweiz
Französisch
99%
Dänemark Dänisch
98%
FinnlandSchweden Finnisch
98%
Griechenland Griechisch
98%
Island Isländisch
98%
ItalienSan Marino Schweiz Vatikanstadt Italienisch
98%
FinnlandSchweden Schwedisch
97%
AlbanienNordmazedonien Kosovo Albanisch
95%
Bulgarien Bulgarisch
95%
Spanien Spanisch
94%
Bosnien und Herzegowina Bosnisch
93%
Norwegen Norwegisch
92%
Irland Irisch
91%
Bosnien und HerzegowinaKroatien Österreich Kroatisch
91%
Lettland Lettisch
91%
Polen Polnisch
88%
Tschechien Tschechisch
88%
Ukraine Ukrainisch
88%
Portugal Portugiesisch
86%
Bosnien und HerzegowinaSerbien Kosovo Serbisch
86%
ÖsterreichSlowenien Slowenisch
85%
ÖsterreichUngarn Ungarisch
85%
Slowakei Slowakisch
84%
Vatikanstadt Latein
83%
Litauen Litauisch
83%
MoldawienRumänien Rumänisch
83%
BelgienNiederlande Niederländisch
82%
Luxemburg Luxemburgisch
79%
Vereinigtes Königreich Schottisch-Gälisch
75%
Nordmazedonien Mazedonisch
73%
Estland Estnisch
69%
Malta Maltesisch
67%
Belarus Belarussisch
66%
Vereinigtes Königreich Walisisch
54%
Montenegro Montenegrinisch
39%
Schweiz Rätoromanisch
39%
Andorra Katalanisch
37%
NorwegenSchweden Samisch
19%
Schweden Meänkieli
1%
Portugal Mirandesisch
1%
Keine übereinstimmenden Quizze gefunden
Verteilung der Resultate
Anzahl Personen mit jedem Resultat
Perzentil nach korrekt beantworteten Fragen
Ihre Resultats-Entwicklung
Sie haben dieses Quiz noch nicht gespielt